عرض عادي
عرض مارك
- الحاسبات الاليه
مدخل مصطلح موضوعي
001 - رقم الضبط
- حقل الضبط: 4332
003 - معرف رقم الضبط
- حقل الضبط: OSt
005 - تاريخ ووقت أخر عملية
- حقل الضبط: 20110912150057.0
008 - عناصر بيانات ثابتة الطول
- حقل تحكم ثابت الطول: 110912|||a|||||| | ||| d
040 ## - مصدر الفهرسة
- هيئة الفهرسة الأصلية: OSt
- وكالة الكتابة: OSt
150 ## - مدخل-- مصطلح تاريخي
- عنصر مدخل المصطلح الموضوعي او الاسم الجغرافي: الحاسبات الاليه
- تفريع عام: برامج
670 ## - بيانات المصدر موجوده
- الاستشهاد بالمصدر: Work cat.: (OSt)8104: منصور، عوض 4329, فورتران 77 مع تطبيقات علميه وهندسيه /, 1999
